000 01324cam a2200325 i 4500
001 32450
003 Mx-PuUPA
005 20251022131714.0
008 140415s1986 mx h gr 000 0 spa d
040 _cMx-PuUPA
_aMx-PuUPA
_bspa
_dMx-PuUPA
_erda
041 0 _aspa
245 0 0 _aLienzos y códice de Tepetícpac /
_bestudio iconográfico e histórico de Carmen Aguilera
250 _aPrimera edición
264 1 _aMéxico
_bInstituto Tlaxcalteca de la Cultura,
_c1986
300 _a1 portafolio (1 hoja sin numerar, 8 hojas plegadas en dos secciones sin numerar) :
_bfacsímiles (a color) ;
_c47 cm +
_e1 folleto (33 páginas : ilustraciones ; 23 cm)
336 _2rdacontent
_atexto
_btxt
336 _2rdacontent
_aimagen fija
_bsti
337 _2rdamedia
_asin medio
_bn
338 _2rdacarrier
_avolumen
_bnc
490 0 _aCódices y manuscritos Tlaxcala ;
_v4
650 7 _2armarc
_aAztecas
_xReligión
650 7 _2armarc
_aIndios tlaxcaltecas
_xReligión
650 7 _2armarc
_aManuscritos, Tlaxcaltecas
_vFacsímiles
651 4 _aMéxico
_xAntigüedades
700 1 _aAguilera, Carmen,
_eautor de estudio iconográfico e histórico
710 2 _aInstituto Tlaxcalteca de la Cultura,
_ecolaborador
942 _2ddc
_cLI
_h299.784
_iL716
_n
999 _c32450
_d32450